NewJeans - Une lettre, une chanson - Statistiques

Statistiques générales
  • Ce quiz a été pris 57 fois
  • Le résultat moyen est 9 sur 12
Statistiques - réponses
Lettres Chansons % Correct
S Supernatural / Super Shy
93%
H How Sweet / Hurt / Hype Boy
85%
A ASAP / Attention
83%
D Ditto
83%
E ETA
83%
O OMG / Our Night is more beautiful than your Day
83%
N New Jeans
75%
C Cookie / Cool With You
73%
Z Zero
63%
G Get Up / GODS
60%
B Beautiful Restriction / Bubble Gum
55%
R Right Now
55%
Aucun quiz correspondant
Distribution des résultats
% des personnes avec chaque résultat
Percentile par nombre de réponses
Votre historique - résultats
Vous n’avez pas pris ce quiz